A Development network approach to Theropeutic-Foster care (Record no. 1457203)

MARC details
000 -LEADER
fixed length control field 00583nam a2200181Ia 4500
005 - DATE AND TIME OF LATEST TRANSACTION
control field 20250923145916.0
008 - FIXED-LENGTH DATA ELEMENTS--GENERAL INFORMATION
fixed length control field 008 250917s9999 xx 000 0 eng d
037 ## - SOURCE OF ACQUISITION
Stock number Textual
040 ## - CATALOGING SOURCE
Original cataloging agency DSWL
Language of cataloging eng
Transcribing agency DSWL
041 ## - LANGUAGE CODE
Language code of text/sound track or separate title eng
Source of code eng
084 ## - COLON CLASSIFICATION NUMBER
Classification number YX,Z1-z4;6-B3-73, N93
Assigning agency DSWL
100 ## - MAIN ENTRY--PERSONAL NAME
Personal name Fine, Paul
9 (RLIN) 840185
245 #2 - TITLE STATEMENT
Title A Development network approach to Theropeutic-Foster care
Statement of responsibility, etc. by Paul Fine
260 ## - PUBLICATION, DISTRIBUTION, ETC.
Place of publication, distribution, etc. Washington
Name of publisher, distributor, etc. Child Welfare League of American
Date of publication, distribution, etc. 1993
300 ## - PHYSICAL DESCRIPTION
Extent vi,113p.
942 ## - ADDED ENTRY ELEMENTS (KOHA)
Koha item type Textual
Classification part YX,Z1-z4;6-B3-73, N93
Holdings
Withdrawn status Lost status Damaged status Not for loan Home library Current library Date acquired Total Checkouts Full call number Barcode Date last seen Price effective from Koha item type
        Department of Social Work Library Department of Social Work Library 2025-09-23   YX,Z1-z4;6-B3-73, N93 SW0025307 2025-09-23 2025-09-23 Textual
Copyright @ Delhi University Library System